header

Demystifying switched-capacitor circuits (Record no. 185442)

MARC details
000 -LEADER
fixed length control field 01201nam a2200325Ia 4500
082 04 - DEWEY DECIMAL CLASSIFICATION NUMBER
Classification number 621.3815
100 1# - MAIN ENTRY--AUTHOR NAME
Personal name Liu, Michael.
245 10 - TITLE STATEMENT
Title Demystifying switched-capacitor circuits
260 ## - PUBLICATION, DISTRIBUTION, ETC. (IMPRINT)
Place of publication Oxford :
Name of publisher Newnes,
Year of publication 2006.
300 ## - PHYSICAL DESCRIPTION
Number of Pages xiii, 317 p. :
Other physical details ill.
650 #0 - SUBJECT ADDED ENTRY--TOPICAL TERM
Topical Term Switched capacitor circuits.
Topical Term Electronic circuits.
856 40 - ELECTRONIC LOCATION AND ACCESS
Uniform Resource Identifier http://site.ebrary.com/lib/rucke/Doc?id=10138725

No items available.

© 2026 Rongo University
Contact us: librarian | system librarian | Rongo university